| 000 | 00999nam a22002297a 4500 | ||
|---|---|---|---|
| 005 | 20260529102305.0 | ||
| 010 | _aB-779755-774 BACEN26 | ||
| 020 |
_a9789369146345 _c350.00 |
||
| 035 | _aB-779755-774 | ||
| 037 | _bplus pub | ||
| 082 | _a000 | ||
| 100 | _aRao, G Subba | ||
| 245 |
_a(100+) Case studies in Ethics, Integrity and Aptitude; _bfor UPSC and state civil Services / _cG Subha rao ; P N Roy chowdhury |
||
| 250 | _aSecond Edition | ||
| 260 |
_aHaryana _bG.K Publication (P) Ltd _c2025 |
||
| 270 |
_aPlot No. 63, Sector-27A, Near sector -28 Metro Station, Faridabad _bHaryana _e121003 _mgkp@gkpublications.com |
||
| 300 |
_aVarious Pages; _c22cm (Pbk) |
||
| 500 | _asolved papers of 2017-2024 (includes) | ||
| 700 |
_a chowdhury,P N Roy _987468 |
||
| 942 |
_2ddc _cEN _h000 _mRAO |
||
| 999 |
_c214941 _d214941 |
||